Zborník prednášok z 38. pracovného seminára pre pracovníkov PPO 7.-9. novembra 1990

Bibliographic Details
Main Author: Dlabola, Ludvík (Author)
Corporate Author: Pracovný seminár Košice, Slovensko (Author)
Format: Conference Proceeding Book
Language:Czech
Slovak
PhysicalDescription:133 strán schémy 21 cm
Published: Košice Dom techniky ZSVTS 1990
ISBN:8023201174
Edition:1. vyd.
Subjects:

MARC

LEADER 00000cam a2200000 a 4500
001 vtls001063678
003 SK-MaSNL
005 20260301061825.0
008 240703s1990 xo l fr 100 s cze
015 |a SNBA1990/11 
020 |a 8023201174  |q (brožované) 
035 |a 18604A61-9923-4D50-81C6-B4E2255A1D56 
035 |a SNK000006507 
035 |a urn:nbn:sk:snk-am0089t3 
035 |a urn:nbn:sk:snk-amke3m 
040 |a SNK  |b slo  |c SNK  |e AACR2 
041 0 |a cze  |a slo 
043 |a e-xo--- 
044 |a xo  |c SK 
080 |a 34  |2 2011 
080 |a 33  |2 2011 
080 |a 37.091.32  |2 2011 
080 |a (042.3)  |2 2011 
080 |a (062.534)  |2 2011 
111 2 |a Pracovný seminár  |n (38. :  |d 1990 :  |c Košice, Slovensko)  |4 aut  |9 375469 
245 1 0 |a Zborník prednášok z 38. pracovného seminára pre pracovníkov PPO  |b 7.-9. novembra 1990  |c [Ludvík Dlabola ... [et al.]] 
246 1 3 |a Zborník prednášok z tridsiatehoôsmeho pracovného seminára pre pracovníkov PPO  |b 7.-9. novembra 1990 
246 1 4 |a 38. pracovný seminár pre pracovníkov PPO 
250 |a 1. vyd. 
260 |a Košice  |b Dom techniky ZSVTS  |c 1990 
300 |a 133 strán  |b schémy  |c 21 cm 
366 |e 100 kusov 
500 |a Interná publikácia ZSVTS pre pre potreby účastníkov podujatia 
500 |a Vydalo Slovenské združenie vynálezcov a zlepšovateľov a Dom techniky ZSVTS, Košice 
500 |a Názov z obalu: 38. pracovný seminár pre pracovníkov PPO 
546 |a Súbežný text v slovenčine 
648 7 |a 1990  |2 SNKPH  |9 276735 
650 0 7 |a vynálezcovstvo  |2 SNKPH  |9 276625 
650 0 7 |a zlepšovateľstvo  |2 SNKPH  |9 271831 
650 0 7 |a právne aspekty  |2 SNKPH  |9 3869 
650 0 7 |a ekonomické aspekty  |2 SNKPH  |9 3838 
650 0 7 |a semináre  |2 SNKPH  |9 18562 
651 7 |a Košice (Slovensko)  |2 SNKPHgeo  |9 18694 
655 7 |a prednášky  |2 SNKPH  |9 70554 
655 7 |a zborníky konferencií  |2 SNKPH  |9 70153 
700 1 |a Dlabola, Ludvík  |4 aut  |9 375470 
710 2 |a Slovenské združenie vynálezcov a zlepšovateľov  |4 pbl  |9 375471 
852 |a Slovenská národná knižnica 
919 |a 80-232-0117-4 
954 |a odborná, vedecká literatúra pôvodná (slovenská)  |2 lita 
954 |a odborná, vedecká literatúra cudzojazyčná (svetová)  |2 lita 
958 |a EUIPO 
958 |a RK 
958 |a TL 
958 |a OND 
958 |a ZB 
958 |a CZ 
999 |c 618421  |d 620351 
952 |a SNK  |b SNK  |y PREZ  |7 0  |p 17A0506376  |o snkSC 78684  |i snkKSP 623/91  |0 0  |1 0  |4 0  |d 2006-04-25  |l 0  |r 2026-02-23 16:46:03  |w 2026-02-23 
952 |a SNK  |b SNK  |y VYP  |7 0  |p 17A0506399  |o snkSC 78684 D1  |i snk2006/8380  |8 5  |0 0  |1 0  |4 0  |d 2006-04-25  |f 1  |l 0  |r 2026-02-23 16:46:03  |w 2026-02-23